Food Idioms and Sayings - Statistics

General Stats
  • This quiz has been taken 599 times
  • The average score is 16 of 20
Answer Stats
Idiom Answer % Correct
Not my cup of ____ Tea
96%
Piece of ____ Cake
91%
Couch _____ Potato
91%
Spill the ____ Beans
90%
Best thing since sliced _____ Bread
90%
Take it with a grain of ___ Salt
89%
Easy as ___ Pie
87%
To cry over ____ ___ Spilled milk
87%
Bread and ____ Butter
86%
____ of my eye Apple
85%
In a __shell Nut
85%
Cool as a _______ Cucumber
84%
Walking on ___shells Egg
84%
Bring home the _____ Bacon
76%
Apples and ______ Oranges
76%
_____ on the cake Icing
70%
____ on your shoulder Chip
60%
Say ______! Cheese
54%
To go _______ Bananas
49%
Use your ____ Noodle
21%
No matching quizzes found
Score Distribution
Percent of People with Each Score
Percentile by Number Answered
Your Score History
You have not taken this quiz